| 000 | 01365cam a2200289 i 4500 | ||
|---|---|---|---|
| 003 | SA-RiAUC | ||
| 005 | 20260113141344.0 | ||
| 008 | 260104s1914 ua g 00000dara c | ||
| 040 |
_aSA-RiAUC _bara _cSA-RiAUC _erda |
||
| 082 | 0 | 4 | _a215.2 |
| 090 |
_aم ن 215.2 _bب ر ز |
||
| 100 | 1 |
_aالبرزنجي، جعفر بن إسماعيل بن زين العابدين، _d1250-1317 هجري _eمؤلف. |
|
| 245 | 1 | 0 |
_aهذا التاريخ، المسمى، نزهة الناظرين في مسجد سيد الأولين والآخرين / _cتأليف جعفر بن إسماعيل المدني البرزنجي. |
| 246 | 3 | 3 | _aنزهة الناظرين في مسجد سيد الأولين والآخرين |
| 250 | _aالطبعة الأولى. | ||
| 264 | 1 |
_aالقاهرة : _b[الناشر غير محدد]، _c1914 |
|
| 264 | 3 |
_a[مكان الطبع غير محدد] : _bمطبعة الجمالية. |
|
| 300 |
_a120 صفحة ؛ _c26 سم |
||
| 336 |
_aنص _btxt _2rdacontent _3كتاب |
||
| 337 |
_aبدون وسيط _bn _2rdamedia |
||
| 338 |
_aمجلد _bnc _2rdacarrier |
||
| 610 | 2 | 7 |
_aالمسجد النبوي الشريف _2aucnm |
| 650 | 7 |
_aالسيرة النبوية _2aucsh |
|
| 650 | 7 |
_aالأماكن المقدسة الإسلامية _zالسعودية _2aucsh |
|
| 942 |
_2ddc _cRBOOK COPY _n0 |
||
| 949 |
_aSA-JeALM _d260104 _umohamedma123 _n1 |
||
| 999 |
_c14038 _d14038 |
||